[Event "Recife Pernambucano op"]
[Site "Recife"]
[Date "2024.12.08"]
[Round "5"]
[White "Araujo, Henrique Jose Morai"]
[Black "Zanconato, Paulo H Villas Boas"]
[Result "1-0"]
[WhiteElo "1965"]
[BlackElo "1694"]
[PlyCount "35"]
[EventDate "2024.12.06"]
[EventType "swiss"]
[EventRounds "6"]
[EventCountry "BRA"]
[SourceTitle "CB50_2024"]
[SourceDate "2024.11.01"]
[SourceVersion "1"]
[SourceVersionDate "2024.11.01"]
[SourceQuality "2"]

1. e4 d5 2. exd5 Nf6 3. Nf3 Nxd5 4. d4 Bf5 5. Bd3 e6 6. Bxf5 exf5 7. 0-0 Be7 8. Qd3 Qc8 9. Re1 Nc6 10. c4 Ndb4 11. Qe2 Qe6 12. Be3 Qe4 13. Nc3 Qc2 14. d5 Qxe2 15. Rxe2 0-0 16. dxc6 Nxc6 17. Nd5 Bd6 18. c5 1-0

[Event "Recife Pernambucano op"]
[Site "Recife"]
[Date "2024.12.06"]
[Round "1"]
[White "Araujo, Henrique Jose Morai"]
[Black "Nascimento, Rayanne Livia"]
[Result "1-0"]
[WhiteElo "1965"]
[BlackElo "1651"]
[PlyCount "34"]
[EventDate "2024.12.06"]
[EventType "swiss"]
[EventRounds "6"]
[EventCountry "BRA"]
[SourceTitle "CB50_2024"]
[SourceDate "2024.11.01"]
[SourceVersion "1"]
[SourceVersionDate "2024.11.01"]
[SourceQuality "2"]

1. e4 e5 2. Nf3 Nc6 3. Bc4 Bc5 4. d3 Nf6 5. Nc3 d6 6. h3 0-0 7. Bg5 h6 8. Be3 Bxe3 9. fxe3 Ne7 10. 0-0 c6 11. Bb3 Qc7 12. Qe1 d5 13. Qg3 d4 14. exd4 b5 15. a3 a5 16. Nxe5 Kh7 17. Qh2 Ba6 1-0

[Event "Recife PE22"]
[Site "Recife"]
[Date "2023.04.07"]
[Round "5"]
[White "Araujo, Henrique Jose Morai"]
[Black "Bouwman, Marcelo Wanderley"]
[Result "0-1"]
[WhiteElo "2015"]
[BlackElo "2121"]
[PlyCount "110"]
[EventDate "2023.04.05"]
[EventType "tourn"]
[EventRounds "9"]
[EventCountry "BRA"]
[SourceTitle "CBM 213 Extra"]
[Source "ChessBase"]
[SourceDate "2023.05.31"]
[SourceVersion "1"]
[SourceVersionDate "2023.05.31"]
[SourceQuality "1"]

1. e4 d6 2. d4 Nf6 3. Nc3 g6 4. f4 Bg7 5. Nf3 0-0 6. e5 Nfd7 7. h4 c5 8. h5 cxd4 9. hxg6 hxg6 10. e6 dxc3 11. exf7+ Rxf7 12. Bc4 Nf8 13. Ng5 e6 14. Nxf7 Kxf7 15. b3 d5 16. Ba3 Nbd7 17. Bd3 Qb6 18. Qf3 Nc5 19. Bxc5 Qxc5 20. g4 Bd7 21. f5 exf5 22. gxf5 Re8+ 23. Kf1 gxf5 24. Bxf5 Bxf5 25. Qxf5+ Kg8 26. Re1 Rxe1+ 27. Kxe1 Qe3+ 28. Kf1 Qe6 29. Qd3 d4 30. Rg1 Kf7 31. Rg2 Bf6 32. Qb5 Qa6 33. Qxa6 bxa6 34. Ke2 Ng6 35. Rh2 Nf4+ 36. Kf3 Nd5 37. Ke4 Ke6 38. a3 Be5 39. Rh6+ Nf6+ 40. Kd3 Kd5 41. Rh8 Bc7 42. Rf8 Nd7 43. Rc8 Bb6 44. Rh8 a5 45. a4 Bc7 46. Rh3 Bf4 47. Ke2 Ke4 48. Rh5 Ne5 49. Rh3 Nc6 50. Rh8 Nb4 51. Kd1 d3 52. cxd3+ Kxd3 53. Rd8+ Ke4 54. Re8+ Kd5 55. Rd8+ Ke6 0-1

[Event "BRA-ch 88th"]
[Site "Recife"]
[Date "2022.12.21"]
[Round "9"]
[White "Araujo, Henrique Jose Morai"]
[Black "Da Silva, Erick Feitosa"]
[Result "0-1"]
[WhiteElo "2047"]
[BlackElo "1892"]
[PlyCount "74"]
[EventDate "2022.12.15"]
[EventType "swiss"]
[EventRounds "11"]
[EventCountry "BRA"]
[SourceTitle "CBM 212 Extra"]
[Source "ChessBase"]
[SourceDate "2023.03.31"]
[SourceVersion "1"]
[SourceVersionDate "2023.03.31"]
[SourceQuality "1"]

1. e4 e5 2. Nc3 Bc5 3. Nf3 Nc6 4. Bc4 Nf6 5. d3 h6 6. h3 a6 7. a4 d6 8. 0-0 g5 9. Nh2 Bd7 10. Nd5 Nxd5 11. Bxd5 h5 12. Qf3 Qe7 13. Qg3 f6 14. c3 a5 15. Be3 0-0-0 16. Rfb1 Rdf8 17. Bxc6 Bxc6 18. b4 Bb6 19. Bxb6 cxb6 20. Qe3 Qc7 21. d4 f5 22. d5 f4 23. Qe2 Bd7 24. f3 g4 25. bxa5 bxa5 26. Rb2 gxh3 27. Rab1 Rhg8 28. Qe1 Qc5+ 29. Kh1 hxg2+ 30. Rxg2 Rxg2 31. Kxg2 Rg8+ 32. Kh1 Bxa4 33. Qh4 Bd7 34. Rf1 Qe3 35. Qxh5 Qe2 36. Rg1 Rg3 37. Qf7 Qf2 0-1

[Event "Recife Arraes Memorial 12th"]
[Site "Recife"]
[Date "2019.09.01"]
[Round "6"]
[White "Martins, Vinicius Tine"]
[Black "Araujo, Henrique Jose Morai"]
[Result "1-0"]
[WhiteElo "2301"]
[BlackElo "2071"]
[PlyCount "141"]
[EventDate "2019.08.30"]
[EventType "swiss"]
[EventRounds "6"]
[EventCountry "BRA"]
[SourceTitle "EXT 2020"]
[Source "ChessBase"]
[SourceDate "2019.10.17"]
[SourceVersion "1"]
[SourceVersionDate "2019.10.17"]
[SourceQuality "1"]

1. Nf3 Nf6 2. c4 c6 3. g3 d5 4. Bg2 e6 5. b3 Be7 6. Bb2 Nbd7 7. 0-0 0-0 8. d3 b6 9. e4 dxe4 10. dxe4 Bb7 11. Qe2 Qc7 12. e5 Ne8 13. Nc3 Rd8 14. Ne4 Nc5 15. Nxc5 Bxc5 16. Ng5 Be7 17. Ne4 c5 18. Rad1 Bxe4 19. Qxe4 g6 20. Rxd8 Bxd8 21. Rd1 Ng7 22. Qc6 Qxc6 23. Bxc6 Bc7 24. Rd7 Bb8 25. g4 Rc8 26. Bb5 h5 27. h3 Rf8 28. Kg2 hxg4 29. hxg4 Ne8 30. Bc6 Nc7 31. Kf3 Kg7 32. Ke4 Rc8 33. a3 Ne8 34. Ba4 g5 35. Bb5 Nc7 36. a4 Nxb5 37. axb5 Kg6 38. Bc1 Rf8 39. Bd2 Rc8 40. Bc3 Kg7 41. Kd3 Bc7 42. Kc2 Bb8 43. Bb2 Bc7 44. Ba1 Kf8 45. f3 Ke8 46. Rd1 Kf8 47. Rh1 Kg7 48. Rh5 Bd8 49. Bc3 Be7 50. Bd2 Kg6 51. Bc1 Rd8 52. Be3 Rd7 53. Bd2 Rd8 54. Rh1 Rd7 55. Bc3 Rd8 56. Rd1 Rxd1 57. Kxd1 Bd8 58. b4 Be7 59. bxc5 Bxc5 60. Kc2 Kg7 61. Kb3 Be3 62. Bb4 Bd4 63. Bd6 f6 64. exf6+ Kxf6 65. Bb8 e5 66. Kc2 Ke6 67. Bxa7 Kd6 68. Bb8+ Kc5 69. Kd3 Bb2 70. Bc7 Bd4 71. Bd8 1-0

[Event "Recife Arraes Memorial 12th"]
[Site "Recife"]
[Date "2019.08.30"]
[Round "2"]
[White "Araujo, Henrique Jose Morai"]
[Black "Barioni, Daniel Rossiter"]
[Result "1/2-1/2"]
[WhiteElo "2071"]
[BlackElo "1844"]
[PlyCount "39"]
[EventDate "2019.08.30"]
[EventType "swiss"]
[EventRounds "6"]
[EventCountry "BRA"]
[SourceTitle "EXT 2020"]
[Source "ChessBase"]
[SourceDate "2019.10.17"]
[SourceVersion "1"]
[SourceVersionDate "2019.10.17"]
[SourceQuality "1"]

1. e4 e6 2. d4 d5 3. exd5 exd5 4. Nf3 Nf6 5. Bd3 Be7 6. 0-0 Bg4 7. Bf4 0-0 8. Nbd2 Nbd7 9. c3 Rc8 10. h3 Bh5 11. Qb3 Nb6 12. a4 a5 13. Rfe1 Bd6 14. Ne5 c5 15. Bf5 Ra8 16. dxc5 Bxc5 17. Nd3 Bd6 18. Be3 Bc7 19. Bc5 Re8 20. g4 1/2-1/2

[Event "Natal Potiguar op 11th"]
[Site "Natal"]
[Date "2019.06.07"]
[Round "1"]
[White "Amorim, Jorge Luiz De Freit"]
[Black "Araujo, Henrique Jose Morai"]
[Result "0-1"]
[WhiteElo "1521"]
[BlackElo "2080"]
[PlyCount "56"]
[EventDate "2019.06.07"]
[EventType "swiss"]
[EventRounds "6"]
[EventCountry "BRA"]
[SourceTitle "EXT 2020"]
[Source "ChessBase"]
[SourceDate "2019.10.17"]
[SourceVersion "1"]
[SourceVersionDate "2019.10.17"]
[SourceQuality "1"]

1. d4 d5 2. c4 c6 3. Nc3 Nf6 4. Nf3 dxc4 5. e4 b5 6. a3 e6 7. Bg5 Be7 8. Be2 Bb7 9. Qc2 a6 10. 0-0 0-0 11. Rad1 Nbd7 12. Ne5 Re8 13. f4 Qc7 14. Bf3 Rad8 15. Ne2 c5 16. Bxf6 Nxf6 17. dxc5 Bxc5+ 18. Kh1 Ba8 19. Ng4 Nxg4 20. Bxg4 Rxd1 21. Rxd1 Rd8 22. e5 Rd7 23. Ng3 Qd8 24. Rxd7 Qxd7 25. Qc3 Qd4 26. Qc1 Qf2 27. Qf1 Qxf1+ 28. Nxf1 Bd4 0-1

[Event "Joao Pessoa op 3rd"]
[Site "Joao Pessoa"]
[Date "2012.03.11"]
[Round "6"]
[White "Lucena, Helianto dos Santos"]
[Black "Araujo, Henrique Jose Morai"]
[Result "0-1"]
[WhiteElo "1922"]
[BlackElo "2193"]
[PlyCount "90"]
[EventDate "2012.03.09"]
[EventType "swiss"]
[EventRounds "6"]
[EventCountry "BRA"]
[SourceTitle "CBM 147 Extra"]
[Source "ChessBase"]
[SourceDate "2012.04.24"]
[SourceVersion "1"]
[SourceVersionDate "2012.04.24"]
[SourceQuality "1"]

1. d4 d5 2. e3 Nf6 3. Bd3 e6 4. Nd2 c5 5. c3 Bd6 6. f4 0-0 7. Ngf3 b6 8. 0-0 Ba6 9. Qc2 Bxd3 10. Qxd3 Nbd7 11. Ne5 Rc8 12. e4 dxe4 13. Nxe4 Nxe4 14. Qxe4 Nf6 15. Qe2 cxd4 16. cxd4 Qc7 17. Be3 Qc2 18. Rf2 Qxe2 19. Rxe2 Rc7 20. Rc1 Rxc1+ 21. Bxc1 Rc8 22. Be3 Nd5 23. Kf2 f6 24. Nd3 Kf7 25. g3 Nb4 26. Nxb4 Bxb4 27. Bd2 Bxd2 28. Rxd2 Ke7 29. Ke3 Kd6 30. Kd3 Kd5 31. Re2 Rc1 32. b3 Rd1+ 33. Kc3 a5 34. a3 b5 35. b4 a4 36. Re3 Rxd4 37. Re2 Rc4+ 38. Kb2 e5 39. fxe5 fxe5 40. Rf2 e4 41. Rf5+ Kd4 42. Rxb5 e3 43. Rb8 e2 44. Re8 Kd3 45. Re7 Re4 0-1

[Event "Recife Calife Memorial 2nd"]
[Site "Recife"]
[Date "2011.07.24"]
[Round "6.3"]
[White "Bouwman, Marcelo Wanderley"]
[Black "Araujo, Henrique Jose Morai"]
[Result "1/2-1/2"]
[WhiteElo "2208"]
[BlackElo "2201"]
[PlyCount "113"]
[EventDate "2011.07.21"]
[EventType "tourn"]
[EventRounds "7"]
[EventCountry "BRA"]
[SourceTitle "EXT 2022"]
[Source "ChessBase"]
[SourceDate "2021.10.06"]
[SourceVersion "1"]
[SourceVersionDate "2021.10.06"]
[SourceQuality "1"]

1. e4 e5 2. f4 exf4 3. Nf3 d5 4. exd5 Nf6 5. Bb5+ c6 6. dxc6 Nxc6 7. d4 Bd6 8. 0-0 0-0 9. Nbd2 Bg4 10. Nc4 Bc7 11. Bxc6 bxc6 12. Qd3 Bxf3 13. Rxf3 g5 14. h4 g4 15. Rxf4 Bxf4 16. Bxf4 Nh5 17. Bg5 f6 18. Bh6 Rf7 19. Rf1 Qd7 20. c3 Re8 21. Ne3 Ng3 22. Rf4 f5 23. Kh2 Qe6 24. Kxg3 Qxe3+ 25. Qxe3 Rxe3+ 26. Kf2 Re6 27. Bg5 Kg7 28. h5 h6 29. Bh4 Re4 30. Rxe4 fxe4+ 31. Ke3 Rf5 32. Kxe4 Rxh5 33. Bg3 Ra5 34. a3 Kf6 35. c4 Ke6 36. Be5 Ra4 37. Kd3 Kf5 38. Bc7 h5 39. g3 Ke6 40. Be5 Ra6 41. Ke4 Ra4 42. Kd3 c5 43. Kc3 Ra6 44. Bf4 cxd4+ 45. Kxd4 Rb6 46. b4 Ra6 47. Bc1 Rd6+ 48. Ke4 Rd1 49. Be3 Ra1 50. Bxa7 Rxa3 51. Be3 Ra4 52. Bd2 Ra3 53. Be3 Ra4 54. Bd2 Ra3 55. Be3 Ra4 56. Bd2 Ra3 57. Be3 1/2-1/2

[Event "Recife Calife Memorial 2nd"]
[Site "Recife"]
[Date "2011.07.23"]
[Round "5.2"]
[White "Araujo, Henrique Jose Morai"]
[Black "Martins, Vinicius Tine"]
[Result "0-1"]
[WhiteElo "2201"]
[BlackElo "2293"]
[PlyCount "64"]
[EventDate "2011.07.21"]
[EventType "tourn"]
[EventRounds "7"]
[EventCountry "BRA"]
[SourceTitle "EXT 2022"]
[Source "ChessBase"]
[SourceDate "2021.10.06"]
[SourceVersion "1"]
[SourceVersionDate "2021.10.06"]
[SourceQuality "1"]

1. e4 c5 2. Nf3 d6 3. d4 cxd4 4. Nxd4 Nf6 5. Nc3 a6 6. Be2 e5 7. Nb3 Be7 8. 0-0 Be6 9. Be3 Nbd7 10. f3 b5 11. Kh1 Nb6 12. Bxb6 Qxb6 13. Qd2 h5 14. Nd5 Bxd5 15. exd5 h4 16. a4 Nh5 17. g4 hxg3 18. Rg1 Nf4 19. Rxg3 Rxh2+ 20. Kxh2 Qf2+ 21. Kh1 Qxg3 22. Bf1 Kd7 23. Qh2 Qxf3+ 24. Kg1 Bd8 25. a5 Bg5 26. Re1 Rh8 27. Qxh8 Qg3+ 28. Kh1 Qxe1 29. Nd2 Qxd2 30. Bh3+ Nxh3 31. Qxh3+ Ke7 32. Qc8 Qxd5+ 0-1

[Event "Recife Arraes Memorial 4th"]
[Site "Recife"]
[Date "2011.06.03"]
[Round "3"]
[White "Araujo, Henrique Jose Morai"]
[Black "Maracaba, Francisco Wladimir"]
[Result "1/2-1/2"]
[WhiteElo "2212"]
[BlackElo "2007"]
[PlyCount "44"]
[EventDate "2011.06.02"]
[EventType "swiss"]
[EventRounds "7"]
[EventCountry "BRA"]
[SourceTitle "EXT 2012"]
[Source "ChessBase"]
[SourceDate "2011.11.24"]
[SourceVersion "1"]
[SourceVersionDate "2011.11.24"]
[SourceQuality "1"]

1. e4 d5 2. exd5 Qxd5 3. d4 Nf6 4. Nf3 a6 5. c4 Qd6 6. Nc3 Bf5 7. Bd3 Bg6 8. 0-0 Nc6 9. d5 Ne5 10. Bf4 Nxf3+ 11. Qxf3 Qd7 12. Rad1 Bh5 13. Qe3 Bxd1 14. Rxd1 g6 15. Qe5 Qd6 16. Qd4 Qd7 17. Qe5 Rc8 18. Ne4 Bg7 19. Nc5 Qg4 20. f3 Qh5 21. Nxb7 Qxe5 22. Bxe5 0-0 1/2-1/2